000 00205nam a22000857a 4500
008 160719b xxu||||| |||| 00| 0 eng d
100 _93048
_aKidz Om
245 _aFairy Tales
260 _aNew Delhi
_bOm Kidz
_c2012
999 _c2611
_d2611